Catalog

Record Details

Catalog Search



When calls the heart. Complete season 8, ... Read More

Available copies

  • 1 of 1 copy available at LARL/NWRL Consortium. (Show)
  • 1 of 1 copy available at Northwest Regional Library.

Current holds

0 current holds with 1 total copy.

Show Only Available Copies
Location Call Number / Copy Notes Barcode Shelving Location Status Due Date
Warroad Public Library DVD WHE (Text) 35500006392979 Main Available -

Record details

  • Physical Description: 10 videodiscs : sound, color ; 4 3/4 in.
  • Edition: 10 DVD collector's edition.
  • Publisher: Veradale, WA : Edify Films, [2021]

Content descriptions

General Note:
Title and credits from container.
Based on the books by Janette Oke.
"As seen on the Hallmark Channel"--Container.
Bonus content: deleted scenes, bloopers, behind the scenes clips, interviews, and exclusive ... Read More
"The set includes 10 DVD's, the original 12 episode TV shows, as well as 6 movie versions. There are ... Read More
Formatted Contents Note:
DVD 1. Open season (82 min.) -- DVD 2. From the ... Read More
Creation/Production Credits Note:
Director, Michael Landon Jr.
Participant or Performer Note:
Erin Krakow, Jack Wagner, Pascale Hutton, Kavan ... Read More
Summary, etc.:
The continuation of When Calls the Heart in the ... Read More
Target Audience Note:
"Not rated"--Container.
System Details Note:
DVD, all regions, NTSC.
Subject: Man-woman relationships > Drama.
Christian life > Drama.
Teachers > Drama.
Women pioneers > Drama.
Orphans > Drama.
Royal Canadian Mounted Police > Drama.
Company towns > Canada > Social life and customs > Drama.
Canada > Drama.
Royal Canadian Mounted Police
Christian life
Man-woman relationships
Orphans
Teachers
Women pioneers
Canada
Genre: Christian television programs
Drama
Fiction television programs
Historical television programs
Made-for-TV movies
Romance television programs
Television programs
Television series
Video recordings for the hearing impaired
Western television programs
Romance television programs.
Historical television programs.
Christian television programs.
Fiction television programs.
Television series.
Made-for-TV movies.
Video recordings for the hearing impaired.
LDR 06649cgm a2201297 i 4500
001471608
003LARL_NWRL_CONSORTIUM
00520250917160001.0
008210716t20212021wau--- vleng d
007vd cvaizu
040 . ‡aCNEDM ‡beng ‡erda ‡cCNEDM ‡dS#L ‡dOCLCO ‡dJBL ‡dOCLCO ‡dRNS ‡dGK8 ‡dVP@ ‡dYEQ ‡dOCLCO ‡dIHX ‡dOCLCL ‡dOCLCO ‡dKYD
0241 . ‡a853654008942
02842. ‡aEF 8010 ‡bEdify Films ‡q(container)
02842. ‡aEF 8001 ‡bEdify Films ‡q(disc 1)
02842. ‡aEF 8002 ‡bEdify Films ‡q(disc 2)
02842. ‡aEF 8003 ‡bEdify Films ‡q(disc 3)
02842. ‡aEF 8004 ‡bEdify Films ‡q(disc 4)
02842. ‡aEF 8005 ‡bEdify Films ‡q(disc 5)
02842. ‡aEF 8006 ‡bEdify Films ‡q(disc 6)
02842. ‡aEF 8010 ‡bEdify Films ‡q(disc 7)
02842. ‡aEF 8010 ‡bEdify Films ‡q(disc 8)
02842. ‡aEF 8010 ‡bEdify Films ‡q(disc 9)
02842. ‡aEF 8010 ‡bEdify Films ‡q(disc 10)
035 . ‡a(OCoLC)1262793997
0410 . ‡aeng ‡peng ‡heng
043 . ‡an-cn---
046 . ‡k2020 ‡l2021 ‡2edtf
08204. ‡a791.4372 ‡223
24500. ‡aWhen calls the heart. ‡pComplete season 8, ‡pcollector's edition / ‡cHallmark Channel ; an all Canadian Entertainment production in association with Brad Krevoy Television and Believe Pictures.
2463 . ‡aWhen calls the heart. ‡Complete season eight
250 . ‡a10 DVD collector's edition.
250 . ‡aCollector's edition.
250 . ‡aEdify Films collector edition.
250 . ‡aEdify Films edition.
264 1. ‡aVeradale, WA : ‡bEdify Films, ‡c[2021]
264 4. ‡c©2021
300 . ‡a10 videodiscs : ‡bsound, color ; ‡c4 3/4 in.
334 . ‡asingle unit ‡2rdami
336 . ‡atwo-dimensional moving image ‡btdi ‡2rdacontent
337 . ‡avideo ‡bv ‡2rdamedia
338 . ‡avideodisc ‡bvd ‡2rdacarrier
340 . ‡b4 3/4 in.
340 . ‡gpolychrome ‡2rdacc
344 . ‡adigital ‡2rdatr
344 . ‡boptical ‡2rdarm
346 . ‡bNTSC ‡2rdabs
347 . ‡avideo file ‡2rdaft
347 . ‡bDVD video
347 . ‡eall regions ‡2rdare
380 . ‡aTelevision programs ‡2lcgft
4900 . ‡aWhen calls the heart ; ‡vComplete season 8
538 . ‡aDVD, all regions, NTSC.
5321 . ‡aClosed captioning in English.
500 . ‡aTitle and credits from container.
5111 . ‡aErin Krakow, Jack Wagner, Pascale Hutton, Kavan Smith, Martin Cummins.
508 . ‡aDirector, Michael Landon Jr.
500 . ‡aBased on the books by Janette Oke.
500 . ‡a"As seen on the Hallmark Channel"--Container.
500 . ‡aBonus content: deleted scenes, bloopers, behind the scenes clips, interviews, and exclusive commentaries.
5218 . ‡a"Not rated"--Container.
520 . ‡aThe continuation of When Calls the Heart in the When Calls the Heart Season Eight Collector's Edition. Inspired by the beloved books by Janette Oke; Season Eight continues the story of love, hope, courage, and faith on the Canadian frontier. Follow the adventures of the young school teacher Elizabeth Thatcher as she faces new adventures and trials along with her infant son Jack and the many citizens of Hope Valley, a town that has become a symbol of the love and supports the residents have for one another.
500 . ‡a"The set includes 10 DVD's, the original 12 episode TV shows, as well as 6 movie versions. There are also dvd's of deleted scenes, bloopers, behind the scenes clips, interviews, and exclusive commentaries"--Container.
50500. ‡gDVD 1. ‡tOpen season (82 min.) -- ‡gDVD 2. ‡tFrom the ashes (83 min.) -- ‡gDVD 3. ‡tWhat the heart wants (81 min.) -- ‡gDVD 4. ‡tBefore my very eyes (82 min.) -- ‡gDVD 5. ‡tPre-wedding jitters (83 min.) -- ‡gDVD 6. ‡tChanging times (86 min.) -- ‡g[DVD 7]. ‡tWhen calls the heart complete season 8, episodes 1-6 -- ‡g[DVD 8]. ‡tWhen calls the heart complete season 8, episodes 7-12 -- ‡g[DVD 9]. ‡tWhen calls the heart season 8 collector's edition bonus features -- ‡gDisc [10]. ‡tWhen calls the heart season 8 collector's edition bloopers, deleted scenes, and more.
650 0. ‡aMan-woman relationships ‡vDrama. ‡0(LARL_NWRL_CONSORTIUM)166008
650 0. ‡aChristian life ‡vDrama.
650 0. ‡aTeachers ‡vDrama.
650 0. ‡aWomen pioneers ‡vDrama.
650 0. ‡aOrphans ‡vDrama. ‡0(LARL_NWRL_CONSORTIUM)173857
61020. ‡aRoyal Canadian Mounted Police ‡vDrama.
650 0. ‡aCompany towns ‡zCanada ‡xSocial life and customs ‡vDrama.
651 0. ‡aCanada ‡vDrama.
61027. ‡aRoyal Canadian Mounted Police ‡2fast ‡0(LARL_NWRL_CONSORTIUM)4573
650 7. ‡aChristian life ‡2fast ‡0(LARL_NWRL_CONSORTIUM)16671
650 7. ‡aMan-woman relationships ‡2fast ‡0(LARL_NWRL_CONSORTIUM)38460
650 7. ‡aOrphans ‡2fast ‡0(LARL_NWRL_CONSORTIUM)27331
650 7. ‡aTeachers ‡2fast ‡0(LARL_NWRL_CONSORTIUM)32448
650 7. ‡aWomen pioneers ‡2fast ‡0(LARL_NWRL_CONSORTIUM)34751
651 7. ‡aCanada ‡2fast ‡0(LARL_NWRL_CONSORTIUM)1789
655 7. ‡aChristian television programs ‡2fast ‡0(LARL_NWRL_CONSORTIUM)175796
655 7. ‡aDrama ‡2fast
655 7. ‡aFiction television programs ‡2fast ‡0(LARL_NWRL_CONSORTIUM)175627
655 7. ‡aHistorical television programs ‡2fast ‡0(LARL_NWRL_CONSORTIUM)175692
655 7. ‡aMade-for-TV movies ‡2fast ‡0(LARL_NWRL_CONSORTIUM)175746
655 7. ‡aRomance television programs ‡2fast ‡0(LARL_NWRL_CONSORTIUM)175679
655 7. ‡aTelevision programs ‡2fast ‡0(LARL_NWRL_CONSORTIUM)175822
655 7. ‡aTelevision series ‡2fast ‡0(LARL_NWRL_CONSORTIUM)175797
655 7. ‡aVideo recordings for the hearing impaired ‡2fast ‡0(LARL_NWRL_CONSORTIUM)175744
655 7. ‡aWestern television programs ‡2fast ‡0(LARL_NWRL_CONSORTIUM)175703
655 7. ‡aRomance television programs. ‡2lcgft ‡0(LARL_NWRL_CONSORTIUM)175679
655 7. ‡aHistorical television programs. ‡2lcgft ‡0(LARL_NWRL_CONSORTIUM)175692
655 7. ‡aChristian television programs. ‡2lcgft ‡0(LARL_NWRL_CONSORTIUM)175796
655 7. ‡aFiction television programs. ‡2lcgft ‡0(LARL_NWRL_CONSORTIUM)175627
655 7. ‡aTelevision series. ‡2lcgft ‡0(LARL_NWRL_CONSORTIUM)175797
655 7. ‡aMade-for-TV movies. ‡2lcgft ‡0(LARL_NWRL_CONSORTIUM)175746
655 7. ‡aVideo recordings for the hearing impaired. ‡2lcgft ‡0(LARL_NWRL_CONSORTIUM)175744
7001 . ‡aKrakow, Erin, ‡eactor.
7001 . ‡aWagner, Jack, ‡d1959- ‡eactor.
7001 . ‡aHutton, Pascale, ‡eactor.
7001 . ‡aSmith, Kavan, ‡d1970- ‡eactor.
7001 . ‡aCummins, Martin, ‡d1969- ‡eactor.
7001 . ‡iTelevision adaptation of (work): ‡aOke, Janette, ‡d1935- ‡tWhen calls the heart.
7102 . ‡aHallmark Channel (Television network), ‡ebroadcaster. ‡0(LARL_NWRL_CONSORTIUM)217368
7102 . ‡aEdify Films, ‡epublisher.
901 . ‡a471608 ‡bAUTOGEN ‡c471608 ‡tbiblio

Additional Resources